000 00643cam a2200217 4500
008 090401t1988 xxu||||| |||| 00| 0 eng d
020 _a095880270X
035 _a(Sirsi) u18102
041 _aeng
050 _a333.3320994
110 _aAustralian Institute of Valuers Incorporated
_91967
245 4 _aThe Australian Institute of Valuers Incorporated: a history 1926-1988.
260 _aCanberra, ACT
_bAustralian Institute of Valuers Incorpor
_c1988
300 _avi,66p. : ill. ; 25cm.
350 _a0
650 _aAUSTRALIA
650 _aValuation
_96273
690 _aRATING AND VALUATION
942 _n0
948 _c04/03/1997
999 _c87569
_d87569